000 00785nam a2200229 a 4500
001 55356
003 BD-RjUL
005 20211209080243.0
008 161116s1985 ii ||||| |||| 00| 0 ben d
020 _c: IRs 20.00
035 _a(BD-RjUL)55478
040 _aBD-RjUL
_bben
_cBD-RjUL
041 _aben
082 _223
_a954.02
_bDAS 1985
100 _a দাশগপ্ত, প্রেমময়
_9136242
245 1 0 _aশেরশাহ /
_cপ্রেমময় দাশগপ্ত
260 _aকলিকাতা :
_bফার্মা কেএলএম,
_c১৯৮৫
300 _a[১০], ১৬৯ পৃ. ;
_c২১ সেমি .
651 _aভারত
_xইতিহাস
_9164904
651 _aIndia
_xHistory
_9164905
942 _2ddc
_cBK
999 _c55356
_d55356